| 000 | 00435nam a2200157 i 4500 | ||
|---|---|---|---|
| 001 | 147852 | ||
| 003 | ES-MaACL | ||
| 005 | 20230906202305.0 | ||
| 007 | t| | ||
| 008 | 071008q1920 sp ||||1| spa d | ||
| 100 | 1 |
_aUrbina, Luis G. _9112092 |
|
| 245 | 1 | 0 |
_aEstampas de viaje _b: España en los dias de guerra / _cLuis G. Urbina. |
| 260 |
_aMadrid : _bYagües, _c[1920?] |
||
| 300 |
_a303 p. ; _c13 cm. |
||
| 852 |
_aES-MaACL _jA-3917 |
||
| 999 |
_c147852 _d147852 |
||